<?xml version="1.0" encoding="UTF-8"?>
<record
    xmlns:xsi="http://www.w3.org/2001/XMLSchema-instance"
    xsi:schemaLocation="http://www.loc.gov/MARC21/slim http://www.loc.gov/standards/marcxml/schema/MARC21slim.xsd"
    xmlns="http://www.loc.gov/MARC21/slim">

  <leader>02369cam a22003013a 4500</leader>
  <controlfield tag="001">8933</controlfield>
  <controlfield tag="003">PGUSA</controlfield>
  <controlfield tag="005">20140828083206.0</controlfield>
  <controlfield tag="008">050901s2005||||xxu|||||s|||||000 | eng d</controlfield>
  <datafield tag="040" ind1=" " ind2=" ">
    <subfield code="a">PGUSA</subfield>
    <subfield code="b">eng</subfield>
  </datafield>
  <datafield tag="042" ind1=" " ind2=" ">
    <subfield code="a">dc</subfield>
  </datafield>
  <datafield tag="050" ind1=" " ind2="4">
    <subfield code="a">PZ</subfield>
  </datafield>
  <datafield tag="245" ind1="1" ind2="0">
    <subfield code="a">Popular Tales from the Norse</subfield>
    <subfield code="h">[electronic resource]</subfield>
  </datafield>
  <datafield tag="260" ind1=" " ind2=" ">
    <subfield code="b">Project Gutenberg,</subfield>
    <subfield code="c">2005</subfield>
  </datafield>
  <datafield tag="505" ind1="0" ind2=" ">
    <subfield code="a">True and untrue -- Why the sea is salt -- The old dame and her hen -- East o' the sun and west o' the moon -- Boots, who ate a match with the troll -- Hacon Grizzlebeard -- Boots, who made the princess say "That's a story" -- The twelve wild ducks -- The giant who had no heart in his body -- The fox as herdsman -- The mastermaid -- The cat on the Dovrefell -- Princess on the glass hill -- The cock and hen -- How one went out to woo -- The master-smith -- The two step-sisters -- Buttercup -- Taming the shrew -- Shortshanks -- Gudbrand on the hill-side -- The blue belt -- Why the bear is stumpy-tailed -- Not a pin to choose between them -- One's own children are always prettiest -- The three princesses of Whiteland -- The lassie and her godmother -- The three aunts -- The cock, the cuckoo, and the black-cock -- Rich Peter the Pedlar -- Gertrude's bird -- Boots and the troll -- Goosey Grizzel -- The lad who went to the North Wind -- The master thief -- The best wish -- The three billy-goats Gruff -- Well done and ill paid -- The husband who was to mind the house -- Dapplegrim -- Farmer Weathersky -- Lord Peter -- The seven foals -- The widow's son -- Bushy bride -- Boots and his brothers -- Big Peter and Little Peter -- Tatterhood -- The cock and the hen that went to the Dovrefell -- Katie Woodencloak -- Thumbikin -- Doll i' the grass -- The lad and the Deil -- The cock and hen a-nutting -- The big bird Dan -- Soria Moria Castle -- Bruin and Reynard -- Tom Totherhouse -- Little Annie the goose-girl.</subfield>
  </datafield>
  <datafield tag="506" ind1=" " ind2=" ">
    <subfield code="a">Public domain in the USA.</subfield>
  </datafield>
  <datafield tag="516" ind1=" " ind2=" ">
    <subfield code="a">Electronic text</subfield>
  </datafield>
  <datafield tag="653" ind1=" " ind2=" ">
    <subfield code="a">Fairy tales</subfield>
  </datafield>
  <datafield tag="653" ind1=" " ind2=" ">
    <subfield code="a">Tales -- Norway</subfield>
  </datafield>
  <datafield tag="653" ind1=" " ind2=" ">
    <subfield code="a">Folklore -- Norway</subfield>
  </datafield>
  <datafield tag="653" ind1=" " ind2=" ">
    <subfield code="a">Fairy tales -- Norway</subfield>
  </datafield>
  <datafield tag="700" ind1="1" ind2=" ">
    <subfield code="a">Moe, J&#xF8;rgen Engebretsen,</subfield>
    <subfield code="d">1813-1882</subfield>
  </datafield>
  <datafield tag="700" ind1="1" ind2=" ">
    <subfield code="a">Dasent, George Webbe,</subfield>
    <subfield code="c">Sir,</subfield>
    <subfield code="d">1817-1896</subfield>
  </datafield>
  <datafield tag="700" ind1="1" ind2=" ">
    <subfield code="a">Asbj&#xF8;rnsen, Peter Christen,</subfield>
    <subfield code="d">1812-1885</subfield>
  </datafield>
  <datafield tag="830" ind1=" " ind2="0">
    <subfield code="a">Project Gutenberg</subfield>
    <subfield code="v">8933</subfield>
  </datafield>
  <datafield tag="856" ind1="4" ind2="0">
    <subfield code="u">http://www.gutenberg.org/ebooks/8933</subfield>
  </datafield>
  <datafield tag="942" ind1=" " ind2=" ">
    <subfield code="c">EB</subfield>
  </datafield>
  <datafield tag="999" ind1=" " ind2=" ">
    <subfield code="c">238217</subfield>
    <subfield code="d">238217</subfield>
  </datafield>
  <datafield tag="952" ind1=" " ind2=" ">
    <subfield code="0">0</subfield>
    <subfield code="1">0</subfield>
    <subfield code="4">0</subfield>
    <subfield code="a">GTB</subfield>
    <subfield code="b">GTB</subfield>
    <subfield code="d">2014-08-28</subfield>
    <subfield code="l">0</subfield>
    <subfield code="r">2014-08-28 00:00:00</subfield>
    <subfield code="w">2014-08-28</subfield>
    <subfield code="y">EB</subfield>
  </datafield>
</record>
